Firsts in the House (Women's edition) - Statistics

General Stats
  • This quiz has been taken 8 times
  • The average score is 3 of 10
Answer Stats
First... Answer % Correct
Openly bisexual woman Kyrsten Sinema
57%
Buddhist woman Mazie Hirono
57%
African-American woman Shirley Chisholm
43%
Openly gay woman Tammy Baldwin
29%
Hindu woman Tulsi Gabbard
29%
Latina Ileana Ros-Lehtinen
14%
Woman Jeannette Rankin
14%
Asian-American woman Patsy Mink
14%
Woman to give birth while in office Yvonne Brathwaite Burke
14%
Jewish woman Florence Prag Kahn
0%
No matching quizzes found
Score Distribution
Percent of People with Each Score
Percentile by Number Answered
Your Score History
You have not taken this quiz